000 00307nam a2200121Ia 4500
008 241028s9999 xx 000 0 und d
041 _aeng
082 _a658.4092 DAF
100 _aDaft
245 _aThe Leadership Experience
260 _bCengage Learning India
_aAustralia
_c2015
300 _a620;. P. 25 Cm
999 _c42959
_d42959